[Event "Titled Tue 24th Jun Early"]
[Site "chess.com INT"]
[Date "2025.06.24"]
[Round "5"]
[White "Ganichev, Alexander"]
[Black "Martinez, Shawn"]
[Result "1-0"]
[WhiteTitle "FM"]
[WhiteElo "2241"]
[BlackElo "1921"]
[WhiteFideId "24143944"]
[BlackFideId "2039770"]
[EventDate "2025.06.24"]

1. e4 c5 2. Nf3 e6 3. d4 cxd4 4. Nxd4 a6 5. c4 Qc7 6. Nc3 Nf6 7. a3 b6 8. f4 Bb7
9. e5 Ne4 10. Nxe4 Bxe4 11. Be3 d6 12. Qa4+ Nd7 13. f5 dxe5 14. fxe6 exd4 15.
exd7+ Qxd7 16. Qxd7+ Kxd7 17. Bxd4 Kc6 18. O-O-O Bc5 19. Bxc5 bxc5 20. Bd3 Bxd3
21. Rxd3 Rad8 22. Rhd1 Rxd3 23. Rxd3 Re8 24. Rd2 Re4 25. b3 f5 26. Kc2 g5 27.
Kc3 Re3+ 28. Rd3 Re2 29. Rd2 Re4 30. b4 Re3+ 31. Kb2 Re4 32. Kb3 Re3+ 33. Ka4 f4
34. Rd5 cxb4 35. axb4 h6 36. Rf5 Re2 37. Rf6+ Kb7 38. Rf7+ Kb6 39. c5+ Kc6 40.
Rf6+ Kb7 41. Rb6+ Ka7 42. Rxh6 Rxg2 43. Rh7+ Kb8 44. Ka5 Rb2 45. h3 f3 46. Rf7
f2 47. Kxa6 Rxb4 48. Rxf2 Rc4 49. Kb6 Rb4+ 50. Kc6 Rh4 51. Rf8+ Ka7 52. Rf3 Kb8
53. Rd3 g4 54. Rd4 Rxh3 55. Rxg4 Rh1 56. Rg8+ Ka7 57. Rd8 Rc1 58. Rd4 Kb8 59.
Rb4+ Kc8 60. Ra4 Rb1 61. Ra8+ Rb8 62. Rxb8+ Kxb8 63. Kd7 Kb7 64. c6+ Kb8 65. c7+
Kb7 66. c8=Q+ Ka7 67. Qc4 1-0

[Event "Titled Tue 24th Jun Early"]
[Site "chess.com INT"]
[Date "2025.06.24"]
[Round "5"]
[White "Ozen, Batuhan"]
[Black "Iskusnyh, Sergei"]
[Result "0-1"]
[WhiteTitle "CM"]
[BlackTitle "GM"]
[WhiteElo "2128"]
[BlackElo "2440"]
[WhiteFideId "6345123"]
[BlackFideId "4120027"]
[EventDate "2025.06.24"]

1. c4 c5 2. Nf3 g6 3. g3 Bg7 4. Bg2 Nc6 5. O-O d6 6. Nc3 e6 7. a3 Nge7 8. d3 b6
9. Rb1 Bb7 10. Qc2 Qd7 11. b4 Rc8 12. bxc5 dxc5 13. Bb2 Nd4 14. Nxd4 cxd4 15.
Bxb7 Qxb7 16. Nb5 Qd7 17. e3 Nc6 18. exd4 O-O 19. d5 exd5 20. Bxg7 Kxg7 21. Qb2+
Kg8 22. Nc3 dxc4 23. dxc4 Qd4 24. Nd5 Qxb2 25. Rxb2 Kg7 26. c5 bxc5 27. Rc1 Nd4
28. Kg2 Rfd8 29. Ne3 Rd7 30. h4 h5 31. a4 Rc6 32. Nc4 Ne6 33. Ne5 Rdd6 34. Nxc6
Rxc6 35. Rb7 Ra6 36. Rc4 Kf6 37. Re4 Rc6 38. Rxa7 c4 39. Re3 c3 40. Re1 c2 41.
Rc1 Nd4 42. Rb7 Ne2 43. Rxc2 Rxc2 44. a5 Ra2 45. Rd7 Rxa5 46. Kf3 Nc3 47. Rd6+
Kg7 48. Rd3 Nd5 49. Kg2 Nf6 50. Rd4 Ra2 51. Rf4 Ng4 52. Rf3 f5 53. Rf4 Kf6 54.
Rf3 Ke5 55. Rf4 Nf6 56. Rf3 Ne4 57. Rf4 Ra3 58. Kg1 Rb3 59. Kg2 Rd3 60. Kg1 Rd4
61. Rf3 Rd2 62. Re3 Rxf2 63. Rxe4+ fxe4 64. Kxf2 Kd4 65. Ke2 e3 66. Ke1 Kd3 0-1

[Event "Titled Tue 24th Jun Early"]
[Site "chess.com INT"]
[Date "2025.06.24"]
[Round "5"]
[White "Salonen, Aku"]
[Black "Hartge, Gedeon"]
[Result "1-0"]
[WhiteTitle "FM"]
[BlackTitle "FM"]
[WhiteElo "2330"]
[BlackElo "2328"]
[WhiteFideId "517577"]
[BlackFideId "12932116"]
[EventDate "2025.06.24"]

1. e4 Nf6 2. e5 Nd5 3. c4 Nb6 4. d4 d6 5. exd6 exd6 6. Nf3 Be7 7. h3 O-O 8. Be2
Bf6 9. O-O Bf5 10. Nc3 c6 11. Bf4 Re8 12. Re1 d5 13. c5 N6d7 14. b4 a6 15. a4
Nf8 16. Qb3 Ne6 17. Be3 Be4 18. Red1 Bxf3 19. Bxf3 Bg5 20. b5 axb5 21. axb5 Rxa1
22. Rxa1 Bxe3 23. fxe3 Qg5 24. Nd1 Qg6 25. bxc6 Nxc6 26. Qxb7 Nexd4 27. exd4
Nxd4 28. Qxd5 Qf6 29. Nc3 g6 30. Ra8 Rxa8 31. Qxa8+ Kg7 32. Qe4 Ne6 33. Qc4 Qe5
34. Ne4 Qa1+ 35. Kh2 Qe5+ 36. g3 f5 37. Qc3 Qxc3 38. Nxc3 Nxc5 39. Kg2 Kf6 40.
Kf2 Ke5 41. h4 h6 42. Nd1 g5 43. Ne3 gxh4 44. gxh4 Kf4 45. Ng2+ Ke5 46. Kg3 Ne6
47. Bb7 Nd4 48. Nf4 Ne6 49. Nd3+ Kf6 50. Bc8 Ng7 51. Nf4 Ne8 52. Bd7 Nd6 53. Kf3
Ne4 54. Nh5+ Ke7 55. Bxf5 Nd6 56. Kf4 Kf7 57. Ng3 Ne8 58. Ke5 Nf6 59. Ne2 Ng8
60. Nf4 Ne7 61. Be6+ Kg7 62. h5 Ng8 63. Bxg8 Kxg8 64. Kf6 Kh7 65. Kf7 Kh8 66.
Kg6 1-0

[Event "Titled Tue 24th Jun Early"]
[Site "chess.com INT"]
[Date "2025.06.24"]
[Round "5"]
[White "Lohia, Sohum"]
[Black "Smirnov, Alexandr A."]
[Result "0-1"]
[WhiteTitle "FM"]
[BlackTitle "FM"]
[WhiteElo "2364"]
[BlackElo "2136"]
[WhiteFideId "5819369"]
[BlackFideId "24104396"]
[EventDate "2025.06.24"]

1. e4 d5 2. exd5 Qxd5 3. Nc3 Qd6 4. d4 Nf6 5. Nf3 a6 6. g3 Bg4 7. Bf4 Qb4 8. Rb1
Nc6 9. a3 Bxf3 10. Qxf3 Nxd4 11. Qd3 Qb6 12. Bg2 O-O-O 13. O-O e6 14. Na4 Qb5
15. Qxb5 axb5 16. Nc3 c6 17. Rbc1 h6 18. Rfd1 Bc5 19. b4 Bb6 20. Be5 Rd7 21. a4
Rhd8 22. Kf1 Ng4 23. Bxg7 f6 24. Bh3 Rxg7 25. axb5 Nxb5 26. Ne4 Rxd1+ 27. Rxd1
f5 28. Nd6+ Nxd6 29. Rxd6 Nxf2 30. Bg2 Re7 31. c4 Ng4 32. c5 Bc7 33. Rd3 Rd7 34.
Ra3 Rd2 35. b5 Nxh2+ 36. Kg1 Ng4 37. Ra8+ Bb8 38. bxc6 bxc6 39. Bxc6 Ne5 40. Bg2
Rc2 41. c6 Nxc6 42. Ra6 Kc7 43. Ra4 Ba7+ 44. Kh2 Bb6 45. Kh3 Ne5 46. Ra1 Ng4 47.
Re1 Kd6 48. Rd1+ Ke7 49. Rb1 Bc7 50. Rb7 Kf6 51. Ra7 Rc3 52. Kh4 Bxg3+ 53. Kh5
Bb8 54. Rh7 Rc2 55. Bh3 Rh2 56. Kh4 Bf4 57. Rh8 e5 58. Rf8+ Ke6 59. Re8+ Kf7 60.
Ra8 e4 61. Ra7+ Ke6 62. Ra6+ Bd6 63. Ra4 e3 64. Ra3 e2 65. Ra1 Bb4 66. Ra6+ Kd5
67. Kh5 Rxh3+ 68. Kg6 e1=Q 69. Rf6 Nxf6 70. Kg7 Qe7+ 71. Kg6 Rg3+ 72. Kxf5 Qe5# 0-1

[Event "Titled Tue 24th Jun Early"]
[Site "chess.com INT"]
[Date "2025.06.24"]
[Round "5"]
[White "Volovich, Vasily"]
[Black "Reprintsev, Alexander"]
[Result "0-1"]
[WhiteTitle "FM"]
[BlackTitle "IM"]
[WhiteElo "2177"]
[BlackElo "2256"]
[WhiteFideId "34169676"]
[BlackFideId "14100541"]
[EventDate "2025.06.24"]

1. e4 d5 2. exd5 Qxd5 3. Nf3 Bg4 4. Be2 Nc6 5. h3 Bxf3 6. Bxf3 Qe6+ 7. Qe2 Nd4
8. Qxe6 Nxf3+ 9. gxf3 fxe6 10. d4 g6 11. c3 Nh6 12. Nd2 Nf5 13. Ne4 b6 14. Bf4
Kd7 15. Ke2 Bg7 16. Rad1 c6 17. h4 Raf8 18. Be5 Bxe5 19. dxe5+ Kc7 20. h5 gxh5
21. Rxh5 h6 22. Rdh1 Rhg8 23. R1h3 a5 24. Ng3 Rg6 25. f4 Ng7 26. Rxh6 Rxh6 27.
Rxh6 Rxf4 28. Rh7 Rg4 29. Kf3 Rg6 30. Ne2 Kd7 31. Nf4 Rg5 32. Ke4 b5 33. Rh6 a4
34. a3 Rg1 35. Rg6 Re1+ 36. Kf3 Nf5 37. Rxe6 Nh4+ 38. Kg4 Ng2 39. Rh6 Nxf4 40.
Kxf4 Re2 41. f3 Rxb2 42. Ke4 Rb3 43. Kd4 Rxa3 44. f4 Ra1 45. f5 Rd1+ 46. Ke4 Rf1
47. Rh7 Kd8 48. e6 a3 49. Rh2 c5 50. Rd2+ Kc8 51. Ke5 b4 52. cxb4 cxb4 53. Rc2+
Kb7 54. Rd2 Kc6 55. Rd7 b3 56. Rxe7 a2 57. Ra7 a1=Q+ 58. Rxa1 Rxa1 59. f6 Ra8
60. f7 b2 61. e7 b1=Q 62. e8=Q+ Rxe8+ 63. fxe8=Q+ Kb7 64. Qd7+ Kb8 65. Qd6+ Kb7
66. Qd5+ Kb8 67. Qg8+ Kb7 68. Qh7+ Qxh7 0-1

[Event "Titled Tue 24th Jun Early"]
[Site "chess.com INT"]
[Date "2025.06.24"]
[Round "5"]
[White "Nugumanov, Bakhtiyar"]
[Black "Sitnic, Adnan"]
[Result "0-1"]
[WhiteTitle "IM"]
[BlackTitle "CM"]
[WhiteElo "2305"]
[BlackElo "2058"]
[WhiteFideId "13701797"]
[BlackFideId "14403854"]
[EventDate "2025.06.24"]

1. e4 Nc6 2. Nf3 d6 3. d4 Nf6 4. Nc3 Bg4 5. d5 Nb8 6. h3 Bh5 7. Bd3 Nbd7 8. O-O
Bg6 9. Re1 h6 10. e5 dxe5 11. Nxe5 Nxe5 12. Rxe5 Bxd3 13. Qxd3 Qd7 14. Bf4 a6
15. Qc4 O-O-O 16. Na4 Kb8 17. Ree1 Nxd5 18. Rad1 e6 19. Nb6 Qc6 20. Qxc6 bxc6
21. Nc4 Bb4 22. c3 Nxf4 23. cxb4 Nd3 24. Re3 Nf4 25. Rc1 Rd4 26. Na5 Rd2 27.
Nxc6+ Kb7 28. Rec3 Ne2+ 29. Kh2 Nxc1 30. Rxc1 Rxb2 31. Na5+ Kc8 32. a3 Rxf2 33.
Nc4 Rd8 34. Rc3 Ra2 35. Kg3 Rd4 36. Nb6+ Kb7 37. Nc4 Rxc4 38. Rxc4 Rxa3+ 39. Kh2
a5 40. bxa5 Rxa5 41. Rd4 Rd5 42. Rb4+ Kc6 43. Rc4+ Kd6 44. Rh4 c5 45. Rg4 g5 46.
Ra4 f5 47. Ra6+ Ke5 48. Rc6 h5 49. Kg3 h4+ 50. Kf3 Rd3+ 51. Ke2 Rc3 52. Kd2 Rc4
53. Kd3 Rd4+ 54. Ke3 Kd5 55. Rc8 Re4+ 56. Kf3 Ra4 57. Rd8+ Ke5 58. Rg8 g4+ 59.
hxg4 fxg4+ 60. Kf2 c4 61. Rxg4 Ra2+ 62. Kg1 c3 63. Rc4 c2 64. Kh2 Kd5 65. Rc8
Kd4 66. Kh3 Ra3+ 67. Kxh4 Rc3 68. Rd8+ Ke5 69. Rg8 c1=Q 70. Rg5+ Qxg5+ 71. Kxg5
Rg3+ 72. Kh4 Rxg2 73. Kh3 Rg8 74. Kh4 Kf4 75. Kh3 Rg7 76. Kh4 Rh7# 0-1

[Event "Titled Tue 24th Jun Early"]
[Site "chess.com INT"]
[Date "2025.06.24"]
[Round "5"]
[White "Adhiban, Baskaran"]
[Black "Kravtsiv, Martyn"]
[Result "1-0"]
[WhiteTitle "GM"]
[BlackTitle "GM"]
[WhiteElo "2509"]
[BlackElo "2598"]
[WhiteFideId "5018471"]
[BlackFideId "14113147"]
[EventDate "2025.06.24"]

1. b3 d5 2. Nf3 Nf6 3. Bb2 b6 4. c4 e6 5. e3 Bb7 6. Nc3 Bd6 7. Rc1 c5 8. cxd5
exd5 9. d4 O-O 10. Bd3 Nc6 11. dxc5 bxc5 12. O-O Qe7 13. Re1 Ne5 14. e4 Nxd3 15.
Qxd3 dxe4 16. Qe2 Rad8 17. Nh4 g6 18. Nb5 Bf4 19. Rc2 Rfe8 20. g3 Bg5 21. Ng2
Nd5 22. h4 Bh6 23. Ba3 Rc8 24. Bc1 Bg7 25. Nf4 Nb4 26. Rc4 Qd7 27. a4 Nd3 28.
Rd1 a6 29. Nc3 Rcd8 30. Kh2 Nxc1 31. Rxd7 Nxe2 32. Rxd8 Rxd8 33. Ncxe2 Bd4 34.
b4 Bxf2 35. bxc5 Bc6 36. a5 e3 37. Rc1 Rd2 38. Kh3 Kg7 39. g4 h6 40. g5 hxg5 41.
hxg5 f6 42. gxf6+ Kxf6 43. Kg4 g5 44. Nh5+ Kg6 45. Nhg3 Bd7+ 46. Kf3 Bc6+ 47.
Kg4 Bd7+ 48. Kf3 g4+ 49. Kf4 Bc6 50. Rc3 Ra2 51. Nd4 Ra4 52. Ne2 Bb5 53. Ke5
Bxe2 54. Nxe2 g3 55. c6 Rxa5+ 56. Ke6 Rf5 57. c7 Rf6+ 58. Kd5 Rf8 59. c8=Q Rxc8
60. Rxc8 Kf7 61. Rc7+ Kf6 62. Rc6+ Kf5 63. Nd4+ Kf4 64. Rf6+ Kg5 65. Rf8 Kg4 66.
Ke4 g2 67. Rg8+ Kh3 68. Rh8+ Kg3 69. Ne2+ Kg4 70. Rg8+ Kh3 71. Kf3 1-0

[Event "Titled Tue 24th Jun Early"]
[Site "chess.com INT"]
[Date "2025.06.24"]
[Round "5"]
[White "Caku, Kler"]
[Black "Pandey, Srishti"]
[Result "1-0"]
[WhiteTitle "WFM"]
[BlackTitle "WIM"]
[WhiteElo "2010"]
[BlackElo "2202"]
[WhiteFideId "4704703"]
[BlackFideId "35093290"]
[EventDate "2025.06.24"]

1. e4 e5 2. Nf3 Nc6 3. Nc3 Nf6 4. Bb5 Bb4 5. O-O O-O 6. Bxc6 bxc6 7. d3 d6 8. h3
h6 9. Ne2 Ba5 10. a4 c5 11. Nh2 c6 12. f4 exf4 13. Bxf4 d5 14. e5 Nh7 15. Ng3
Be6 16. Qf3 Rb8 17. Rab1 Rb7 18. Ng4 Ng5 19. Qe2 Qe7 20. Nh5 Rfb8 21. Ngf6+ gxf6
22. Nxf6+ Kg7 23. Qh5 Rh8 24. h4 Bf5 25. hxg5 hxg5 26. Qxg5+ Bg6 27. Rf3 Qe6 28.
Rg3 Kf8 29. Ng4 Bd8 30. Nf6 Bxf6 31. exf6 c4 32. Rf1 cxd3 33. cxd3 Rxb2 34. Qe5
Qxe5 35. Bxe5 Re2 36. Bd6+ Ke8 37. Rb1 Kd7 38. Be7 Rc8 39. Rb7+ Rc7 40. Rxc7+
Kxc7 41. Bc5 Ra2 42. Re3 Rxa4 43. Rg3 Kd8 44. Rxg6 Ra1+ 45. Kh2 fxg6 46. f7 Rf1
47. f8=Q+ Rxf8 48. Bxf8 Kd7 49. Kg3 Kc7 50. Bc5 Kb7 51. Kg4 a5 52. Kg5 Ka6 53.
Kxg6 Kb5 54. Bd4 c5 55. Ba1 Kb4 56. Kf5 Kb3 57. g4 c4 58. dxc4 dxc4 59. g5 a4
60. g6 c3 61. Bxc3 Kxc3 62. g7 a3 63. g8=Q Kb2 64. Qg2+ Kb1 65. Qf1+ Kb2 66.
Qb5+ Kc2 67. Qc4+ Kb2 68. Qb4+ Ka2 69. Ke4 Ka1 70. Qxa3+ Kb1 71. Qb3+ Ka1 72.
Qb4 Ka2 73. Kd3 Ka1 74. Kc2 Ka2 75. Qb2# 1-0

[Event "Titled Tue 24th Jun Early"]
[Site "chess.com INT"]
[Date "2025.06.24"]
[Round "5"]
[White "Sipila, Vilka"]
[Black "Mekhitarian, Krikor Sevag"]
[Result "1/2-1/2"]
[WhiteTitle "IM"]
[BlackTitle "GM"]
[WhiteElo "2465"]
[BlackElo "2564"]
[WhiteFideId "505455"]
[BlackFideId "2107660"]
[EventDate "2025.06.24"]

1. b3 Nf6 2. Bb2 c5 3. e3 g6 4. f4 Bg7 5. Nf3 O-O 6. c4 d5 7. cxd5 Qxd5 8. Be2
Qd6 9. O-O b6 10. Ne5 Bb7 11. Bf3 Qc7 12. Nc3 Nc6 13. Nb5 Qc8 14. Rc1 a6 15. Na3
Nxe5 16. fxe5 Nd5 17. Qe2 Nb4 18. Nc4 Bxf3 19. Rxf3 Qe6 20. a3 Nd5 21. d4 cxd4
22. exd4 Rac8 23. Rff1 b5 24. Na5 Bh6 25. Rxc8 Rxc8 26. Kh1 Ne3 27. Rc1 Nf5 28.
Rc2 Rxc2 29. Qxc2 Ne3 30. Qe4 Qd5 31. Qxd5 Nxd5 32. Nc6 Kf8 33. g4 Ke8 34. Kg2
Nc7 35. Kf3 Kd7 36. Nb8+ Kc8 37. Nc6 Bf8 38. Ke4 e6 39. a4 Kd7 40. Nb8+ Kc8 41.
Nc6 bxa4 42. bxa4 Nd5 43. Kd3 Kc7 44. Na5 h5 45. gxh5 gxh5 46. Bc3 Bh6 47. Nc4
Bf4 48. h3 Bg5 49. Nd6 f6 50. Bd2 Bxd2 51. Kxd2 fxe5 52. dxe5 Nf4 53. h4 Ng6 54.
Ne4 Nxh4 55. Nc5 Nf3+ 56. Ke3 Nxe5 57. Nxa6+ Kd6 58. Nb4 Nd7 59. Nd3 Nc5 60. Nf4
h4 61. a5 e5 62. Ng6 h3 63. Kf3 e4+ 64. Kg3 e3 65. Nf4 Ke5 66. Nxh3 Ke4 67. Nf4
Na6 68. Kg4 Nb4 69. Kg3 Nc6 70. a6 Na7 71. Kg4 Nb5 72. Kg3 Na7 73. Ng2 e2 74.
Kf2 Kd5 75. Kxe2 Kc6 76. Ne3 Kb6 77. Nc4+ Kxa6 1/2-1/2

[Event "Titled Tue 24th Jun Early"]
[Site "chess.com INT"]
[Date "2025.06.24"]
[Round "5"]
[White "Gajic, Mladen"]
[Black "Tristan, Leonardo"]
[Result "0-1"]
[WhiteTitle "FM"]
[BlackTitle "GM"]
[WhiteElo "2246"]
[BlackElo "2536"]
[WhiteFideId "1709178"]
[BlackFideId "113816"]
[EventDate "2025.06.24"]

1. e4 d5 2. exd5 Qxd5 3. Nc3 Qa5 4. Nf3 Nf6 5. Bc4 Nc6 6. d4 Bg4 7. d5 O-O-O 8.
Bd2 Bxf3 9. gxf3 Ne5 10. Bb3 e6 11. dxe6 Bb4 12. Qe2 Rxd2 13. Kxd2 Rd8+ 14. Kc1
Bxc3 15. bxc3 Qxc3 16. Kb1 Nxf3 17. a3 Nd2+ 18. Ka2 Nxb3 19. e7 Rd2 20. e8=Q+
Nxe8 21. Qxe8+ Rd8 22. Qe4 Nxa1 23. Rxa1 g6 24. Rb1 Qc6 25. Qxc6 bxc6 26. Rb4
Rd2 27. Rf4 Rxc2+ 28. Kb3 Rc5 29. Rxf7 Rh5 30. Kc4 Rxh2 31. a4 Rh4+ 32. Kc5 Kb7
33. a5 Rh5+ 34. Kc4 Rxa5 35. Rxh7 Rf5 36. Rg7 Rxf2 37. Rxg6 Rf4+ 38. Kb3 Kb6 39.
Rg8 c5 40. Kc3 a5 41. Kb3 a4+ 42. Ka3 c6 43. Ra8 Kb5 44. Rb8+ Kc4 45. Kxa4 Rf3
46. Rb1 Kc3 47. Rc1+ Kd4 48. Rd1+ Rd3 49. Rc1 c4 50. Rh1 Kc3 51. Rc1+ Kd4 52.
Rh1 Rb3 53. Rh4+ Kc3 54. Rh3+ Kb2 55. Rh2+ Kb1 56. Rh1+ Kb2 57. Rh2+ Kc3 58.
Rh3+ Kd4 59. Rh4+ Kc5 60. Rh5+ Kd6 61. Rh6+ Kd5 62. Rh5+ Ke4 63. Rh4+ Kd3 64.
Rh3+ Kc2 65. Rh2+ Kb1 66. Rh1+ Ka2 67. Rh2+ Rb2 68. Rh3 Rc2 69. Kb4 Kb2 70. Rh1
c3 71. Kc4 Rf2 0-1

[Event "Titled Tue 24th Jun Early"]
[Site "chess.com INT"]
[Date "2025.06.24"]
[Round "5"]
[White "Pontes, Luiz Felizola Lima"]
[Black "Duarte Cramer, Lily Jeanette"]
[Result "1-0"]
[BlackTitle "WCM"]
[WhiteElo "2062"]
[BlackElo "1828"]
[WhiteFideId "44709919"]
[BlackFideId "29620180"]
[EventDate "2025.06.24"]

1. e4 c5 2. Nf3 d6 3. d4 cxd4 4. Nxd4 Nf6 5. Nc3 a6 6. Nb3 e5 7. a4 Be7 8. Bg5
Be6 9. Be2 Nc6 10. O-O O-O 11. Bxf6 Bxf6 12. Nd5 Rc8 13. a5 Bxd5 14. Qxd5 Nb4
15. Qxb7 Nxc2 16. Rad1 Rb8 17. Qc6 Qc8 18. Qxc8 Rfxc8 19. Rd3 Nd4 20. Nxd4 exd4
21. Rb1 Rc5 22. b4 Rc3 23. Rdd1 Rc6 24. b5 axb5 25. Rxb5 Rxb5 26. Bxb5 Rc5 27.
Rb1 Rc8 28. a6 Bd8 29. a7 Bb6 30. Ba6 Bxa7 31. Bxc8 h6 32. Bh3 Bc5 33. Kf1 Kh7
34. Ke2 Kg6 35. g3 Kf6 36. Bg2 Ke5 37. Kd3 g6 38. Rb5 f5 39. f4+ Ke6 40. exf5+
gxf5 41. Bf3 h5 42. Kc4 h4 43. gxh4 Kf6 44. Rxc5 dxc5 45. Kxc5 d3 46. Kc4 d2 47.
Kc3 d1=Q 48. Bxd1 Kg7 49. Kd3 Kh6 50. Ke3 Kg6 51. Kd4 Kf6 52. Kd5 Kg6 53. Ke6
Kh6 54. Kxf5 Kh7 55. Kg5 Kg7 56. Bc2 Kh8 57. Bd3 Kg7 58. Be2 Kh8 59. f5 Kg7 60.
Bf3 Kh7 61. Kf6 Kh6 62. Ke7 Kh7 63. f6 Kg6 64. f7 Kh7 65. Be4+ Kh6 66. f8=Q+ Kh5
67. Qf5+ Kxh4 68. Qh7+ Kg4 69. Qg6+ Kf4 70. Qg3+ Kxe4 71. Ke6 Kd4 72. Qf4+ Kc5
73. Qe5+ Kc4 74. Kd6 Kd3 75. Kd5 Kc2 76. Kd4 Kb3 77. Qc5 Kb2 78. Kd3 Kb3 79.
Qb5+ Ka3 80. Kc3 Ka2 81. Qb2# 1-0

[Event "Titled Tue 24th Jun Early"]
[Site "chess.com INT"]
[Date "2025.06.24"]
[Round "5"]
[White "Norman, Kseniya"]
[Black "Demchenko, Anton"]
[Result "1/2-1/2"]
[WhiteTitle "WFM"]
[BlackTitle "GM"]
[WhiteElo "2069"]
[BlackElo "2619"]
[WhiteFideId "13518780"]
[BlackFideId "4160258"]
[EventDate "2025.06.24"]

1. Nf3 Nf6 2. e3 b6 3. c4 Bb7 4. Nc3 g6 5. b3 Bg7 6. Bb2 O-O 7. d4 Ne4 8. Bd3 f5
9. O-O e6 10. Nd2 Nxc3 11. Bxc3 Nc6 12. Be2 e5 13. d5 Ne7 14. Nf3 e4 15. Nd4 c5
16. dxc6 dxc6 17. Qc2 Bc8 18. Rad1 Qc7 19. b4 Bd7 20. Qb3 Kh8 21. f3 exf3 22.
Bxf3 Rad8 23. c5 bxc5 24. bxc5 Ng8 25. Ne6 Bxe6 26. Bxg7+ Qxg7 27. Qxe6 Rde8 28.
Qxc6 Qe5 29. Rfe1 Rc8 30. Qd6 Qxc5 31. Qxc5 Rxc5 32. Rd7 Ra5 33. Re2 Nf6 34. Rb7
Re8 35. Kf2 Kg8 36. Rc2 Ra3 37. Rcc7 a5 38. Rg7+ Kh8 39. Rgf7 Rxa2+ 40. Kg3 Re6
41. Rb8+ Ng8 42. Rff8 Kg7 43. Rxg8+ Kf6 44. Rbf8+ Ke5 45. Re8 Rxe8 46. Rxe8+ Kf6
47. Ra8 a4 48. Ra6+ Ke5 49. Ra5+ Kd6 50. Bd5 Ra3 51. Kf4 Ra1 52. Bg8 h6 53. Ra6+
Kc5 54. Ke5 a3 55. Kf6 Rg1 56. Rxa3 Rxg2 57. h4 Kb4 58. Ra6 g5 59. hxg5 hxg5 60.
Kxf5 g4 61. Rg6 g3 62. Bd5 Rg1 63. Ke5 Kc3 64. e4 Kd3 65. Kf4 g2 66. Kf3 Rf1+
67. Kxg2 Rf8 68. Rg3+ Ke2 69. e5 Rf5 70. Kh3 Rxe5 71. Bf3+ Kd2 72. Bg4 Re3 73.
Rxe3 Kxe3 1/2-1/2

[Event "Titled Tue 24th Jun Early"]
[Site "chess.com INT"]
[Date "2025.06.24"]
[Round "5"]
[White "Shevchenko, Yaroslav"]
[Black "Suarez, Pedro"]
[Result "0-1"]
[BlackTitle "CM"]
[WhiteElo "2179"]
[BlackElo "2066"]
[WhiteFideId "34144684"]
[BlackFideId "3007642"]
[EventDate "2025.06.24"]

1. e4 d6 2. d4 Nf6 3. Nc3 Nbd7 4. Nf3 e5 5. Bc4 Be7 6. O-O O-O 7. Re1 c6 8. Bb3
b5 9. a4 b4 10. Nb1 Qc7 11. Nbd2 Bb7 12. Qe2 Rad8 13. a5 a6 14. dxe5 dxe5 15.
Bc4 Nc5 16. b3 Nh5 17. g3 g6 18. Bb2 Bf6 19. Nf1 Ng7 20. Qe3 Nge6 21. h4 h5 22.
Kg2 Rfe8 23. N1h2 Nd4 24. Nxd4 exd4 25. Qf3 Kg7 26. Rad1 Nxe4 27. Rxe4 Rxe4 28.
Bd3 Re7 29. Kg1 c5 30. Qf4 Qxf4 31. gxf4 Bxh4 32. Bc1 Rde8 33. Bd2 Rd7 34. Bf1
Bd8 35. Ra1 Rde7 36. Bd3 Bc7 37. Kf1 Kf6 38. Kg1 Rd8 39. Kf1 Rde8 40. Kg1 Re2
41. Bxe2 Rxe2 42. Rd1 Be4 43. Kf1 Rxd2 44. Rxd2 Bxf4 45. Re2 Bxc2 46. Rxc2 Bxh2
47. Rxc5 Bf4 48. Ke2 g5 49. Rc6+ Kf5 50. Rxa6 h4 51. Rh6 Kg4 52. a6 Bb8 53. Kd3
h3 54. Kxd4 f5 55. Kc5 Ba7+ 56. Kc6 Bxf2 57. Kb7 Kg3 58. Rh5 g4 59. Rxf5 Bg1 60.
Rh5 h2 61. a7 Bxa7 62. Kxa7 Kg2 63. Kb6 h1=Q 64. Rxh1 Kxh1 65. Kb5 g3 66. Kxb4
g2 67. Ka5 g1=Q 68. b4 Qg8 69. Kb5 Qb8+ 70. Kc5 Kg2 71. b5 Kf3 72. b6 Ke3 73.
Kc6 Kd3 74. b7 Kc4 75. Kb6 Kb4 76. Kc6 Ka5 77. Kd7 Qxb7+ 78. Kd6 Kb5 79. Ke6
Qc6+ 80. Ke7 Kc5 81. Kd8 Qd6+ 82. Ke8 Qc7 83. Kf8 Qd7 84. Kg8 Qe7 85. Kh8 Kd6
86. Kg8 Ke6 87. Kh8 Kf6 88. Kg8 Qg7# 0-1

[Event "Titled Tue 24th Jun Early"]
[Site "chess.com INT"]
[Date "2025.06.24"]
[Round "5"]
[White "Cherukuri, Nitesh"]
[Black "Negrean, Andrei"]
[Result "1/2-1/2"]
[WhiteTitle "CM"]
[BlackTitle "FM"]
[WhiteElo "2171"]
[BlackElo "2352"]
[WhiteFideId "30978688"]
[BlackFideId "1291513"]
[EventDate "2025.06.24"]

1. Nf3 Nf6 2. d4 g6 3. Bf4 Bg7 4. e3 O-O 5. h3 d6 6. Nbd2 b6 7. Be2 Bb7 8. O-O
Nbd7 9. c4 Re8 10. Bh2 e5 11. dxe5 dxe5 12. b4 a5 13. a3 h6 14. Qb3 Nh7 15. Rad1
Qe7 16. Nb1 axb4 17. axb4 Rad8 18. Nc3 Bf8 19. Nb5 Rc8 20. Na7 Ra8 21. Nb5 Rec8
22. Rd2 Nhf6 23. Rb2 c6 24. Nc3 Ne8 25. Rd1 Kh7 26. Rbd2 Nef6 27. Ne4 Rd8 28.
Nxf6+ Nxf6 29. Nxe5 Rxd2 30. Rxd2 Qxb4 31. Qxb4 Bxb4 32. Rd1 Kg7 33. Bg3 c5 34.
Nd7 Nxd7 35. Rxd7 Ba6 36. Be5+ Kg8 37. Rd6 Re8 38. Bf6 Rb8 39. Bd8 b5 40. Rxa6
Rxd8 41. cxb5 Rd2 42. Bc4 Rc2 43. Ra8+ Kg7 44. b6 Rc1+ 45. Kh2 Bc3 46. b7 Rb1
47. b8=Q Rxb8 48. Rxb8 Be5+ 49. f4 Bxb8 50. Kg3 f5 51. Kf3 Kf6 52. e4 fxe4+ 53.
Kxe4 h5 54. g4 hxg4 55. hxg4 Bc7 56. g5+ Kg7 57. Kd5 Bxf4 58. Kxc5 Bxg5 59. Bd3
Be7+ 60. Kd5 g5 61. Bf5 Kf6 62. Ke4 Bd6 63. Bg4 Bf4 64. Kf3 Ke7 65. Bf5 Kd6 66.
Bg4 Ke5 67. Bh5 Kf5 68. Bg4+ Kg6 69. Bc8 Kh5 70. Bg4+ Kh4 71. Bc8 Be5 72. Bg4
Bb8 73. Bc8 Kh5 74. Bg4+ Kg6 75. Bc8 Kf6 76. Bg4 Ke7 77. Bc8 Kd6 78. Bg4 Kc7 79.
Bh5 Kd8 80. Bg4 Bf4 81. Bh5 Kc7 82. Bg4 Kd6 83. Bh5 Ke7 84. Bg4 Ke8 85. Bc8 Kd8
86. Bg4 Ke7 87. Bh5 Kf6 88. Bg4 Ke5 89. Bh5 Bc1 90. Bg4 Kf6 91. Bh5 Ke7 92. Bg4
Kd8 93. Bh5 Ke7 94. Bg4 Kf6 95. Bh5 Kf5 96. Bg4+ Kg6 97. Bc8 Kh5 98. Bg4+ Kh4
99. Bc8 Kh5 100. Bg4+ Kg6 101. Bc8 Kf6 102. Bg4 Ke7 103. Bc8 Kf6 104. Bg4 Ke5
105. Bc8 Kd6 106. Bg4 Kc7 107. Bh5 Kd8 108. Bg4 Kc7 109. Bh5 Kd6 110. Bg4 Ke5 1/2-1/2

[Event "Titled Tue 24th Jun Early"]
[Site "chess.com INT"]
[Date "2025.06.24"]
[Round "5"]
[White "Ghosh, Chanchal Kumer"]
[Black "Birkisson, Bjorn Holm"]
[Result "1/2-1/2"]
[WhiteTitle "CM"]
[BlackTitle "CM"]
[WhiteElo "2018"]
[BlackElo "2128"]
[WhiteFideId "10201858"]
[BlackFideId "2310600"]
[EventDate "2025.06.24"]

1. e4 c5 2. Nf3 d6 3. d4 cxd4 4. Nxd4 Nf6 5. Nc3 Nc6 6. Be2 g6 7. f4 Bg7 8. Nxc6
bxc6 9. e5 Nd5 10. Nxd5 cxd5 11. Qxd5 Rb8 12. exd6 O-O 13. O-O exd6 14. Kh1 Bb7
15. Qd3 Re8 16. c3 Be4 17. Qd1 Qh4 18. Bf3 d5 19. f5 gxf5 20. g3 Qg4 21. Kg1
Bxf3 22. Qxf3 Re1 23. Qf2 Re2 24. Qxf5 Qxf5 25. Rxf5 d4 26. Rf3 Rd8 27. Rd3 Bf6
28. Bh6 Rxb2 29. Rad1 Rxa2 30. cxd4 Ra6 31. Kg2 Bg7 32. Bxg7 Kxg7 33. d5 Rad6
34. h4 Kf6 35. Kf3 Ke5 36. Re3+ Kf5 37. Red3 h5 38. Rd4 a5 39. Rf4+ Kg6 40. Rfd4
f6 41. Kf4 Re8 42. R1d2 Re5 43. R2d3 Rf5+ 44. Ke3 Re5+ 45. Kf3 Re8 46. Kf4 Ra8
47. Kf3 a4 48. Ra3 Ra5 49. Raxa4 Rxa4 50. Rxa4 Rxd5 51. Kf4 Rb5 52. Rc4 Rf5+ 53.
Ke3 Rf1 54. Rb4 Rg1 55. Kf2 Ra1 56. Rc4 Ra5 57. Kg2 Ra3 58. Kh3 Kf5 59. Rc5+ Kg6
60. Rc4 Rb3 61. Rd4 Rc3 62. Ra4 Rc1 63. Ra3 Rc5 64. Kg2 Re5 65. Kf3 Kf5 66. Ra4
Rd5 67. Rb4 Rd3+ 68. Kg2 Rd5 69. Ra4 Re5 70. Rb4 Re4 71. Rb5+ Kg4 72. Rb2 f5 73.
Rf2 Ra4 74. Kh2 Rb4 75. Kg2 Rc4 76. Kh2 Rd4 77. Kg2 Re4 78. Kh2 f4 79. Rxf4+
Rxf4 80. gxf4 Kxh4 81. Kg2 Kg4 82. Kh2 Kxf4 83. Kh3 Kg5 84. Kg3 h4+ 85. Kh3 Kh5
86. Kh2 Kg4 87. Kg2 h3+ 88. Kh2 Kh4 89. Kh1 Kg3 90. Kg1 Kf3 91. Kh1 Kg4 92. Kh2
Kh4 93. Kg1 Kg3 94. Kh1 h2 1/2-1/2